| 000 | 03833nam a2200253Ia 4500 | ||
|---|---|---|---|
| 003 | PE SENCICO BE | ||
| 005 | 20251020182429.0 | ||
| 008 | 200515s9999 xx 000 0 und d | ||
| 020 | _a84-96743-09-8 | ||
| 040 |
_aPE SENCICO BE _cPE SENCICO BE |
||
| 041 | _aspa | ||
| 082 |
_a613.62 _bM28 2007 |
||
| 100 | 1 |
_aMateo Floría, Pedro _997 _eautor |
|
| 245 | 1 | 0 |
_aGestión de la higiene industrial en la empresa / _cPedro Mateo Floría |
| 250 | _a7a ed. | ||
| 260 |
_aMadrid : _bFundación Confemetal ; _c[2007] |
||
| 300 |
_a734 p. : _bil., tbl., graf. ; _c23 cm. |
||
| 505 | 0 | _aHigiene industrial -- Enfermedad profesional -- Contaminantes -- Dosis -- Relación de la higiene industrial con otras técnicas preventivas -- Metodología de actuación en higiene industrial -- Principios de la acción preventiva -- Protección de la maternidad -- Protección de los trabajadores especialmente sensibles a determinados riesgos -- El informe de higiene industrial -- Toxicología -- Conceptos de dosis -- Efectos de los contaminantes químicos -- Acción de los tóxicos sobre el organismo -- Cáncer laboral -- Clasificación, envasado u etiquetado de sustancias y preparados peligrosos -- Clasificación de sustancias -- Clasificación de preparados -- Método convencional -- Envasados de sustancias y preparados -- Ficha de datos de seguridad -- Medición de la exposición -- Forma en que se presentan los contaminantes químicos -- Procedimientos de medida -- Procedimientos de lectura directa -- Procedimientos de toma de muestras -- Estrategia de muestreo -- Agentes químicos: evaluación de la exposición -- Agentes químicos: control de la exposición: control de la exposición a contaminantes químicos -- Acciones sobre el foco contaminante -- Acciones sobre el medio de propagación -- Extracción localizada -- Ventilación por dilución o ventilación general -- Acciones sobre el trabajador -- Protección respiratoria -- Protección de la piel -- Agentes físicos: Ruido. Fundamentos de acústica: ruido --Sonido -- Ondas acústicas -- Presión acústica -- Nivel de presión acústica -- Espectro de frecuencias -- Nivel de presión -- Agentes físicos: ruido. Efectos de la exposición -- Agentes físicos: ruidos. Evaluación y medición: Evaluación y medición del ruido -- Instrumentos de medida -- Sonómetro -- Sonómetro integrados -- Dosímetro -- Instrumentos de nueva generación -- Agentes físicos: ruido. Control de la exposición: control de la exposición al ruido -- Medidas técnicas de control de ruido -- Medidas organizativas -- Protección auditiva -- Agentes físicos: ambiente térmico -- Generación de calor metabólico -- Intercambio de calor entre el hombre y el medio ambiente -- Equilibrio térmico -- Regulación de la temperatura corporal -- Efectos para la salud -- Medición de las variables de un intercambio térmico -- Indices de calor ambiental -- Control de calor -- Agentes físicos: vibraciones -- Medidas de las vibraciones -- Vibraciones del cuerpo completo -- Agentes físicos: radiaciones no ionizantes -- radiaciones electromagnéticas -- Radiaciones ópticas -- Microondas y radiofrecuencias -- Láser -- Agentes físicos: radiaciones ionizantes: organismos relacionados con la la protección radiológica -- Protección radiológica -- Detección y medición de las radiaciones -- Agentes biológicas: Contaminantes biológicos -- Residuos peligrosos: residuos urbanos -- Encases y residuos de envases -- Aceites usados -- Pilas y acumuladores. | |
| 520 | 3 | _aDescribe la parte obligatoria y la especialización optativa de la disciplina de higiene Industrial del programa de desempeño de las funciones de nivel intermedio. | |
| 650 | 1 | 0 |
_aSalud ocupacional _9581 |
| 650 | 2 | 0 |
_aHigiene industrial _9357 |
| 650 | 2 | 0 |
_aRiesgos laborales _9610 |
| 942 |
_cLIB _2ddc |
||
| 999 |
_c193 _d193 |
||